01037nam a22002897a 450000100040000000500170000402000180002102000150003904000230005405000230007710000210010024500810012124600480020224600390025024600330028926000350032230000460035749000190040350500080042252001310043052100200056152100200058165000330060165000440063465000370067870000320071562620250327111245.0 a9780545301701 a054530170X aKCKcKCKdDLCbeng00aQL638.9b.P33 20111 aPallotta, Jerry.10aHammerhead vs. bull shark /cby Jerry Pallotta ; illustrated by Rob Bolster.3 aWho would win? :bhammerhead vs. bull shark1 iAt head of title :aWho would win?3 aHammerhead versus bull shark aNew York :bScholastic,c2011. a32 pages :bcolor illustrations ;c23 cm.0 aWho would win? aM  aContains facts about hammerhead sharks and bull sharks, comparing such aspects as their sizes, brain structure, and abilities. a780 bLexile  aM bRaz-Plus  0aSharksvJuvenile literature. 0aHammerhead sharksvJuvenile literature. 0aBull sharkvJuvenile literature.1 aBolster, Rob. illustrator.